El plan de manejo de los residuos sólidos de la Universidad Michoacana De San Nicolas de Hidalgo (Record no. 149076)
[ view plain ]
| 000 -LEADER | |
|---|---|
| fixed length control field | nam a22 7a 4500 |
| 005 - DATE AND TIME OF LATEST TRANSACTION | |
| control field | 20190805104522.0 |
| 008 - FIXED-LENGTH DATA ELEMENTS--GENERAL INFORMATION | |
| fixed length control field | 190613b mx ||||| |||| 00| 0 spa d |
| 020 ## - INTERNATIONAL STANDARD BOOK NUMBER | |
| International Standard Book Number | 9786074241754 |
| 050 04 - LIBRARY OF CONGRESS CALL NUMBER | |
| Classification number | TD793.3 |
| Item number | B84 2010 |
| 100 1# - MAIN ENTRY--PERSONAL NAME | |
| Personal name | Buenrostro Delgado, Otoniel |
| 245 13 - TITLE STATEMENT | |
| Title | El plan de manejo de los residuos sólidos de la Universidad Michoacana De San Nicolas de Hidalgo |
| Statement of responsibility, etc | / Otoniel Buenrostro Delgado |
| 250 ## - EDITION STATEMENT | |
| Edition statement | 1a ed. |
| 260 ## - PUBLICATION, DISTRIBUTION, ETC. (IMPRINT) | |
| Place of publication, distribution, etc | Morelia, Michoacán : |
| Name of publisher, distributor, etc | Universidad Michoacana de San Nicolás de Hidalgo, Instituto de Investigaciones Agropecuarias y Forestales, |
| Date of publication, distribution, etc | 2010 |
| 300 ## - PHYSICAL DESCRIPTION | |
| Extent | 62 p. : |
| Other physical details | il. ; |
| Dimensions | 28 cm. |
| 504 ## - BIBLIOGRAPHY, ETC. NOTE | |
| Bibliography, etc | Incluye bibliografía. |
| 610 20 - SUBJECT ADDED ENTRY--CORPORATE NAME | |
| Corporate name or jurisdiction name as entry element | Universidad Michoacana |
| Title of a work | Plan ambiental institucional |
| General subdivision | Manejo de residuos |
| 650 #7 - SUBJECT ADDED ENTRY--TOPICAL TERM | |
| Source of heading or term | lemb |
| Topical term or geographic name as entry element | Basuras y aprovechamiento de basuras |
| 942 ## - ADDED ENTRY ELEMENTS (KOHA) | |
| Source of classification or shelving scheme | Biblioteca del Cogreso de los Estados Unidos |
| Koha item type | Libro |
| Estado de pérdida | Fuente de clasificación | Estado del daño | No para préstamo | Ubicación permanente | Ubicación actual | Apartado o colección | Fecha de adquisición | Fuente de adquisición | Edición | Área del conocimiento | Clasificación | Código de Barras | Date last seen | Número de copia | Costo por reposición | Tipo de recurso |
|---|---|---|---|---|---|---|---|---|---|---|---|---|---|---|---|---|
| Biblioteca del Cogreso de los Estados Unidos | Biblioteca del Instituto de Investigaciones Agropecuarias y Forestales | Biblioteca del Instituto de Investigaciones Agropecuarias y Forestales | General | 13/06/2019 | Donación | 1a ed. | Ciencias Agropecuarias | TD793.3 B84 2010 | BIIA000002194 | 13/06/2019 | 1 | 1.00 | Libro |